[Event "TUR Cup"]
[Site "Denizli"]
[Date "2023.07.22"]
[Round "9"]
[White "Inci, Okan"]
[Black "Yuksel, Fatih Canberk"]
[Result "1/2-1/2"]
[WhiteElo "1754"]
[BlackElo "1602"]
[PlyCount "119"]
[EventDate "2023.07.16"]
[EventType "team-tourn"]
[EventRounds "9"]
[EventCountry "TUR"]
[SourceTitle "CBM 215 Extra"]
[Source "ChessBase"]
[SourceDate "2023.09.30"]
[SourceVersion "1"]
[SourceVersionDate "2023.09.30"]
[SourceQuality "1"]

1. d4 Nf6 2. c4 g6 3. Nf3 Bg7 4. g3 c5 5. d5 d6 6. Bg2 0-0 7. Nc3 Na6 8. 0-0 Nc7 9. h3 Rb8 10. a4 a6 11. a5 b5 12. axb6 Rxb6 13. e4 Nd7 14. Qc2 Ne8 15. Re1 Ne5 16. Nd2 f5 17. f4 Nf7 18. Kh2 fxe4 19. Ndxe4 Nf6 20. g4 Rb4 21. b3 Nxe4 22. Bxe4 Nh6 23. Rb1 e5 24. dxe6 Bxe6 25. Bd5 Bxd5 26. Nxd5 Qh4 27. Qe2 Rbb8 28. Bd2 Rbe8 29. Qf3 Bd4 30. Kg2 Nf7 31. Qg3 Qxg3+ 32. Kxg3 Rxe1 33. Rxe1 Rb8 34. Rb1 Nd8 35. f5 Nc6 36. Bf4 Be5 37. Bxe5 Nxe5 38. Nc3 gxf5 39. gxf5 Kf7 40. Kf4 Nd3+ 41. Ke4 Nb4 42. Rd1 Ke7 43. Kf4 Nc6 44. Nd5+ Kf7 45. Nc7 Nd4 46. Ra1 Rxb3 47. Rxa6 Ne2+ 48. Ke4 Nc3+ 49. Kf4 Ne2+ 50. Ke4 Ng3+ 51. Kf4 Nh5+ 52. Kg5 Nf6 53. Ra7 h6+ 54. Kf4 Nh5+ 55. Ke4 Ng3+ 56. Kf4 Ne2+ 57. Ke4 Ng3+ 58. Kf4 Nh5+ 59. Kg4 Nf6+ 60. Kf4 1/2-1/2

[Event "TUR Cup"]
[Site "Denizli"]
[Date "2023.07.18"]
[Round "4"]
[White "Dulger, Batuhan Ihsan"]
[Black "Inci, Okan"]
[Result "1/2-1/2"]
[WhiteElo "1267"]
[BlackElo "1754"]
[PlyCount "99"]
[EventDate "2023.07.16"]
[EventType "team-tourn"]
[EventRounds "9"]
[EventCountry "TUR"]
[SourceTitle "CBM 215 Extra"]
[Source "ChessBase"]
[SourceDate "2023.09.30"]
[SourceVersion "1"]
[SourceVersionDate "2023.09.30"]
[SourceQuality "1"]

1. e4 e5 2. Nf3 Nf6 3. Nxe5 d6 4. Nf3 Nxe4 5. Nc3 Nxc3 6. dxc3 Be7 7. Be3 Nc6 8. Qd2 Bf5 9. Bd3 Qd7 10. Bxf5 Qxf5 11. 0-0-0 0-0 12. Bg5 Bxg5 13. Qxg5 Qxg5+ 14. Nxg5 Rfe8 15. Rhe1 h6 16. Nf3 Re6 17. Nd4 Nxd4 18. cxd4 Rae8 19. Kd2 Re4 20. c3 d5 21. f3 R4e6 22. Rxe6 fxe6 23. Re1 Kf7 24. Kd3 g5 25. Re5 Ke7 26. h4 Rg8 27. hxg5 hxg5 28. g3 Kf6 29. g4 c5 30. Re2 c4+ 31. Ke3 Rh8 32. Rf2 Rh3 33. a3 b5 34. Ke2 e5 35. dxe5+ Kxe5 36. Ke3 Rh1 37. Rd2 a5 38. Re2 Rd1 39. f4+ gxf4+ 40. Kf3+ Kf6 41. Kxf4 d4 42. cxd4 Rxd4+ 43. Kf3 b4 44. axb4 axb4 45. Re4 Rd2 46. Rxc4 Rxb2 47. Rc6+ Ke5 48. g5 Rb1 49. g6 Rg1 50. Rb6 1/2-1/2

[Event "Marmaris Karya 18th"]
[Site "Marmaris"]
[Date "2022.05.14"]
[Round "10"]
[White "Darban Vaighani, Morteza"]
[Black "Inci, Okan"]
[Result "1/2-1/2"]
[WhiteElo "2279"]
[BlackElo "1688"]
[PlyCount "104"]
[EventDate "2022.05.10"]
[EventType "schev"]
[EventRounds "10"]
[EventCountry "TUR"]
[SourceTitle "CBM 208 Extra"]
[Source "ChessBase"]
[SourceDate "2022.07.31"]
[SourceVersion "1"]
[SourceVersionDate "2022.07.31"]
[SourceQuality "1"]
[WhiteTeam "White"]
[BlackTeam "Red Team"]
[WhiteTeamCountry "TUR"]
[BlackTeamCountry "TUR"]

1. c4 Nf6 2. g3 g6 3. Bg2 Bg7 4. Nc3 0-0 5. e4 d6 6. Nge2 c5 7. 0-0 e5 8. d3 Nc6 9. f4 Bg4 10. h3 Bxe2 11. Nxe2 Nd4 12. Nxd4 exd4 13. Rb1 Rb8 14. Bd2 b5 15. cxb5 Rxb5 16. Qa4 Rb8 17. g4 Nd7 18. g5 Qc7 19. b3 h5 20. Rbc1 Nb6 21. Qa5 Qe7 22. Rc2 Nd7 23. Bc1 Rfc8 24. h4 Nf8 25. Bh3 Rc7 26. Qe1 Qd8 27. Bd2 Rcb7 28. f5 Be5 29. Bf4 Qe8 30. Qg3 Rb5 31. Bxe5 dxe5 32. Rfc1 Qe7 33. Rc4 a5 34. Qg2 R8b7 35. Qc2 Nd7 36. fxg6 fxg6 37. Bxd7 Qxd7 38. Qg2 Qe7 39. Rf1 Rb4 40. Qc2 a4 41. Rxc5 axb3 42. axb3 Rxb3 43. Rc8+ Kh7 44. Qc4 Qg7 45. Rc1 Rc3 46. Rxc3 dxc3 47. Kg2 c2 48. Qxc2 Qd7 49. Kh2 Qf7 50. Kg2 Qd7 51. Kh2 Qf7 52. Kg2 Qd7 1/2-1/2

[Event "Marmaris Karya 18th"]
[Site "Marmaris"]
[Date "2022.05.12"]
[Round "5"]
[White "Inci, Okan"]
[Black "Darban Vaighani, Morteza"]
[Result "0-1"]
[WhiteElo "1688"]
[BlackElo "2279"]
[PlyCount "106"]
[EventDate "2022.05.10"]
[EventType "schev"]
[EventRounds "10"]
[EventCountry "TUR"]
[SourceTitle "CBM 208 Extra"]
[Source "ChessBase"]
[SourceDate "2022.07.31"]
[SourceVersion "1"]
[SourceVersionDate "2022.07.31"]
[SourceQuality "1"]
[WhiteTeam "Red Team"]
[BlackTeam "White"]
[WhiteTeamCountry "TUR"]
[BlackTeamCountry "TUR"]

1. Nf3 c5 2. c4 g6 3. d4 cxd4 4. Nxd4 Nc6 5. e4 Nf6 6. Nc3 d6 7. Be2 Nxd4 8. Qxd4 Bg7 9. Be3 0-0 10. Qd2 Be6 11. 0-0 Qa5 12. Rac1 Rfc8 13. b3 a6 14. f3 b5 15. Nd5 Qxd2 16. Bxd2 Nxd5 17. cxd5 Bd4+ 18. Kh1 Bd7 19. Rxc8+ Rxc8 20. Rc1 Rxc1+ 21. Bxc1 e6 22. dxe6 Bxe6 23. f4 d5 24. Bf3 dxe4 25. Bxe4 a5 26. g3 Bh3 27. Bg2 Bf5 28. Bd5 b4 29. a3 Bh3 30. axb4 axb4 31. f5 Bxf5 32. Kg2 Kf8 33. Kf3 Ke7 34. Be3 Bxe3 35. Kxe3 Be6 36. Kd4 f5 37. Bxe6 Kxe6 38. Kc5 Ke5 39. h4 h6 40. Kxb4 Kd4 41. Ka5 g5 42. hxg5 hxg5 43. b4 f4 44. gxf4 gxf4 45. b5 Kc5 46. b6 Kc6 47. Ka6 f3 48. b7 f2 49. Ka7 f1Q 50. b8N+ Kd6 51. Na6 Qb5 52. Nb8 Kc7 53. Na6+ Kc8 0-1

[Event "Marmaris Karya 18th"]
[Site "Marmaris"]
[Date "2022.05.11"]
[Round "4"]
[White "Odeev, Handszar"]
[Black "Inci, Okan"]
[Result "1-0"]
[WhiteElo "2305"]
[BlackElo "1688"]
[PlyCount "71"]
[EventDate "2022.05.10"]
[EventType "schev"]
[EventRounds "10"]
[EventCountry "TUR"]
[SourceTitle "CBM 208 Extra"]
[Source "ChessBase"]
[SourceDate "2022.07.31"]
[SourceVersion "1"]
[SourceVersionDate "2022.07.31"]
[SourceQuality "1"]
[WhiteTeam "White"]
[BlackTeam "Red Team"]
[WhiteTeamCountry "TUR"]
[BlackTeamCountry "TUR"]

1. e4 e5 2. Qf3 Nf6 3. Bc4 Nc6 4. Ne2 d6 5. Nbc3 Be6 6. Nd5 Bxd5 7. exd5 e4 8. Qc3 Ne5 9. Bb3 Be7 10. d4 exd3 11. cxd3 0-0 12. d4 Ng6 13. 0-0 Ne4 14. Qd3 f5 15. f3 Ng5 16. Bd2 Qd7 17. Rac1 Kh8 18. Qc4 Rac8 19. Ba4 Qd8 20. Ba5 b6 21. Bd2 Bf6 22. g3 h5 23. h4 Nh7 24. Bb5 Bxh4 25. gxh4 Qxh4 26. Kg2 f4 27. Rh1 Qg5+ 28. Kf2 Rf5 29. Rcg1 Qh6 30. Bd7 Rcf8 31. Bxf5 Rxf5 32. Qxc7 h4 33. Qc8+ Rf8 34. Qg4 Rf6 35. Nc3 Nhf8 36. Ne4 1-0

[Event "Marmaris Karya 12th"]
[Site "Marmaris"]
[Date "2022.01.23"]
[Round "4.2"]
[White "Boshra, Alshaeby"]
[Black "Inci, Okan"]
[Result "1-0"]
[WhiteElo "1985"]
[BlackElo "1653"]
[PlyCount "79"]
[EventDate "2022.01.22"]
[EventType "schev"]
[EventRounds "10"]
[EventCountry "TUR"]
[SourceTitle "CBM 206 Extra"]
[Source "ChessBase"]
[SourceDate "2022.03.31"]
[SourceVersion "1"]
[SourceVersionDate "2022.03.31"]
[SourceQuality "1"]
[WhiteTeam "White"]
[BlackTeam "Blue Team"]
[WhiteTeamCountry "UAE"]
[BlackTeamCountry "TUR"]

1. e4 e5 2. Nf3 Nc6 3. Bb5 a6 4. Ba4 Nf6 5. d4 b5 6. Bb3 Nxe4 7. 0-0 d5 8. Nxe5 Nxe5 9. dxe5 Be6 10. Nd2 Nxd2 11. Bxd2 Bc5 12. Kh1 0-0 13. f4 Qd7 14. Qe1 c6 15. Qg3 Bf5 16. Rae1 Rfe8 17. c3 Re6 18. Be3 Be7 19. Qf2 Kh8 20. Bc2 Rg6 21. Bxf5 Qxf5 22. Bc5 Bxc5 23. Qxc5 h5 24. Rf2 a5 25. Qe7 Re6 26. Qh4 g6 27. h3 Kg7 28. g4 hxg4 29. hxg4 Qd3 30. Rh2 Qf3+ 31. Kg1 Qxf4 32. Qh7+ Kf8 33. Rf1 Qe3+ 34. Rhf2 Ra7 35. Qh8+ Ke7 36. Kg2 Rxe5 37. Rxf7+ Kd6 38. Qb8+ Kc5 39. Qxa7+ Kc4 40. b3+ 1-0

[Event "TUR-chT2"]
[Site "Konya"]
[Date "2018.07.15"]
[Round "9.8"]
[White "Kiraz, Yigit"]
[Black "Inci, Okan"]
[Result "1/2-1/2"]
[WhiteElo "1658"]
[BlackElo "1628"]
[PlyCount "118"]
[EventDate "2018.07.10"]
[EventType "team-swiss"]
[EventRounds "9"]
[EventCountry "TUR"]
[SourceTitle "EXT 2019"]
[Source "ChessBase"]
[SourceDate "2018.10.10"]
[SourceVersion "1"]
[SourceVersionDate "2018.10.10"]
[SourceQuality "1"]
[WhiteTeam "Denizli Onay"]
[BlackTeam "Mugla Dalaman"]
[WhiteTeamCountry "TUR"]
[BlackTeamCountry "TUR"]

1. d4 d5 2. Nf3 Nf6 3. Bf4 c6 4. e3 Bg4 5. c3 e6 6. Nbd2 Nbd7 7. h3 Bh5 8. Be2 Qb6 9. Qb3 c5 10. Qxb6 Nxb6 11. Bb5+ Nbd7 12. g4 Bg6 13. Ne5 a6 14. Be2 Nxe5 15. Bxe5 Kd7 16. f3 Bd6 17. Bxd6 Kxd6 18. Kf2 Rac8 19. dxc5+ Rxc5 20. Nb3 Rc7 21. Rac1 Rhc8 22. Rhd1 Ke7 23. Rd2 Nd7 24. Rcd1 Ne5 25. Nd4 Nc4 26. Bxc4 Rxc4 27. Ne2 b5 28. Ng3 b4 29. cxb4 Rxb4 30. b3 a5 31. f4 Be4 32. Nxe4 Rxe4 33. a3 a4 34. b4 Rc3 35. Rd3 Rec4 36. Ke2 Kd6 37. Rxc3 Rxc3 38. Rd3 Rc4 39. Kd2 Rc7 40. Rc3 Ra7 41. Rc5 f6 42. Kd3 e5 43. h4 h5 44. g5 exf4 45. gxf6 fxe3 46. Kxe3 gxf6 47. Kd4 Rg7 48. Rxd5+ Kc6 49. Rxh5 Rg3 50. Rc5+ Kb6 51. Rf5 Rxa3 52. Kc4 Rh3 53. Rxf6+ Kb7 54. Kb5 Rxh4 55. Kxa4 Rh5 56. Rg6 Rf5 57. Rg4 Kb6 58. b5 Rf6 59. Kb4 Rh6 1/2-1/2

[Event "TUR-chT2"]
[Site "Konya"]
[Date "2018.07.14"]
[Round "7.2"]
[White "Caner, Resul"]
[Black "Inci, Okan"]
[Result "0-1"]
[WhiteElo "1867"]
[BlackElo "1628"]
[PlyCount "74"]
[EventDate "2018.07.10"]
[EventType "team-swiss"]
[EventRounds "9"]
[EventCountry "TUR"]
[SourceTitle "EXT 2019"]
[Source "ChessBase"]
[SourceDate "2018.10.10"]
[SourceVersion "1"]
[SourceVersionDate "2018.10.10"]
[SourceQuality "1"]
[WhiteTeam "Adana Ceyhan Belediye"]
[BlackTeam "Mugla Dalaman"]
[WhiteTeamCountry "TUR"]
[BlackTeamCountry "TUR"]

1. e4 e5 2. Nf3 Nc6 3. d4 exd4 4. Nxd4 Nf6 5. Nc3 Bb4 6. Nxc6 bxc6 7. Bd3 0-0 8. 0-0 d6 9. Bg5 h6 10. Bh4 Re8 11. Qf3 g5 12. Bg3 Bg4 13. Qe3 d5 14. e5 d4 15. Qc1 dxc3 16. exf6 Be2 17. Re1 cxb2 18. Qxb2 Bxe1 19. Rxe1 Bxd3 20. Rd1 Re2 21. Qb3 Qe8 22. Qxd3 Re1+ 23. Rxe1 Qxe1+ 24. Qf1 Qxf1+ 25. Kxf1 Rb8 26. Ke2 Rb2 27. Kd3 Rxa2 28. Bxc7 Rb2 29. Kc3 Rb5 30. Kd4 Rd5+ 31. Kc3 Rf5 32. f3 Rxf6 33. Bb8 a6 34. Kb4 Rf5 35. Bd6 Rb5+ 36. Kc4 Kg7 37. g4 Kg6 0-1